Normal view
MARC view
Entry Topical Term
001 - CONTROL NUMBER
- control field: 53037
003 - CONTROL NUMBER IDENTIFIER
- control field: OSt
005 - DATE AND TIME OF LATEST TRANSACTION
- control field: 20250514103552.0
008 - FIXED-LENGTH DATA ELEMENTS
- fixed length control field: 250514|| aca||aabn | a|a d
040 ## - CATALOGING SOURCE
- Original cataloging agency: OSt
- Transcribing agency: OSt
150 ## - HEADING--TOPICAL TERM
- Topical term or geographic name entry element: Gender, Care, Family, Inequality.
670 ## - SOURCE DATA FOUND
- Source citation: Work cat.: (OSt): Gonalons-Pons, Pilar and Marinescu, Ioana 53036, Care labor and family income inequality: How childcare costs exacerbate inequality among U.S. families
